Και το λίγο φως στη νύχτα φτάνει

Saved in:
Bibliographic Details
Main Author: Cohen, Matt, 1942-
Other Authors: Σταματάκη, Βίκυ (trlf [Μεταφράστρια])
Format: Book
Language:Greek
English
Published: Αθήνα : Εμπειρία εκδοτική, 2000.
Series:Σταθμός στη σύγχρονη λογοτεχνία
Subjects:
Tags: Add Tag
No Tags, Be the first to tag this record!

MARC

LEADER 00000cam a2200000 a 4500
001 1/106867
008 150610s2000####gr | ||| |||| ||gre||
020 |a 9607919424 
040 |a GR-MyUa  |b gre  |c GR-MyUa  |e AACR2 
041 1 |a gre  |h eng 
082 7 |a 813   |2 (23) 
100 1 |a Cohen, Matt,   |d 1942- 
245 1 5 |a Και το λίγο φως στη νύχτα φτάνει /   |c Μάτ Κοέν ; μετάφραση Βίκυ Σταματάκη.  
260 |a Αθήνα :   |b Εμπειρία εκδοτική,   |c 2000.  
300 |a 317 σ. ;   |c 21 εκ.  
490 1 |a (Σταθμός στη σύγχρονη λογοτεχνία)  
534 |p Τίτλος πρωτοτύπου:   |t Elizabeth and after.  
650 0 |a American fiction. 
650 0 |a Fathers and daughters  |x Fiction. 
650 0 |a Psychological fiction. 
650 0 |a Mothers  |x Fiction. 
700 1 |a Σταματάκη, Βίκυ,  |e trlf [Μεταφράστρια] 
830 0 |a Σταθμός στη σύγχρονη λογοτεχνία 
852 |a INST  |b SAMOS  |e 20150610  |h 813 COH  |p 005300042184  |q 005300042184  |t BK  |y 0 
970 |a Γουβάλα  |b Βάσω  |z 10/06/2015